| 000 | 01031nam a22002417a 4500 | ||
|---|---|---|---|
| 001 | 1830346 | ||
| 003 | AM-YEHGA | ||
| 005 | 20250617164821.0 | ||
| 008 | 220422s2022 ai o|||gr|||||001|1|arm|| | ||
| 020 | _a9785540025393 | ||
| 040 | _aAM-YeHGA | ||
| 041 | 0 | _aarm | |
| 100 | 1 |
_aԲիւրատ, Սմբատ _d1862-1915 |
|
| 245 | 1 | 0 |
_aԲանաստեղծութիւններ եւ պոեմներ : _bԵրկերու ժողովածու / _cՍ. Բիւրատ ; Կազմեց եւ անտիպ բնագրերը վերծանեց՝ Հ․ Հախվերդյանը ; Առաջաբանի հեղինակ՝ Հ․ Բիւրատ․ |
| 260 |
_aԵրեւան : _bՀայաստան, _c2022․ |
||
| 300 |
_a208 էջ ։ _bլուսանկարներ ; _c17 սմ․ |
||
| 504 | _aՏողատակում՝ ծանոթագրություններ։ | ||
| 650 | 1 | 4 | _aՀայ պոեզիա |
| 700 | 1 |
_aՀախվերդյան, Հասմիկ _eկազմող _4com |
|
| 700 | 1 |
_aԲիւրատ, Հայկ _eառաջաբանի հեղինակ _4aui |
|
| 942 |
_2udc _cBK |
||
| 090 | _c568505 | ||
| 999 |
_c530014 _d530014 |
||